[Event "Magistral Osasco 60 Anos 2022"]
[Site "Sao Paolo"]
[Date "2022.02.19"]
[Round "1.1"]
[White "Rodi, Luis Ernesto"]
[Black "Stamenkovic, Dragan"]
[Result "1/2-1/2"]
[WhiteElo "2347"]
[BlackElo "2378"]
[Annotator "NA"]
[PlyCount "77"]
[EventDate "2022.02.19"]
[EventType "tourn"]
[EventCountry "BRA"]
[SourceTitle "playchess.com"]
[Source "ChessBase"]
[SourceQuality "1"]
[TimeControl "40/5400+30:1800+30"]

1. e4 {[%emt 1:31:00]} c5 {[%emt 1:31:00]} 2. Nc3 {[%emt 0:00:30]} Nc6 {[%emt 0:00:00]} 3. Bb5 {[%emt 0:00:30]} Nd4 {[%emt 0:00:00]} 4. Nf3 {[%emt 0:00:30]} e6 {[%emt 0:00:00]} 5. O-O {[%emt 0:00:30]} a6 {[%emt 0:02:00]} 6. Bd3 {[%emt 0:00:00]} Nc6 {[%emt 0:00:00]} 7. Nd5 {[%emt 0:00:00]} g6 {[%emt 0:00:00]} 8. Re1 {[%emt 0:00:00]} Bg7 {[%emt 0:00:00]} 9. c3 {[%emt 0:02:00]} d6 {[%emt 0:02:00]} 10. Ne3 {[%emt 0:00:00]} Nge7 {[%emt 0:00:00]} 11. Bc2 {[%emt 0:00:00]} e5 {[%emt 0:01:00]} 12. b3 {[%emt 0:00:00]} O-O {[%emt 0:00:00]} 13. Bb2 {[%emt 0:02:00]} f5 {[%emt 0:01:00]} 14. exf5 {[%emt 0:00:30]} gxf5 {[%emt 0:00:30]} 15. d4 {[%emt 0:00:00]} cxd4 {[%emt 0:00:00]} 16. cxd4 {[%emt 0:00:00]} e4 {[%emt 0:01:00]} 17. Nh4 {[%emt 0:01:30]} d5 {[%emt 0:00:00]} 18. g3 {[%emt 0:00:30]} Qb6 {[%emt 0:00:00]} 19. Qh5 {[%emt 0:00:00]} Be6 {[%emt 0:00:00]} 20. Rad1 {[%emt 0:00:00]} Rf7 {[%emt 0:02:00]} 21. Qg5 {[%emt 0:00:00]} Kh8 {[%emt 0:00:30]} 22. Ba3 {[%emt 0:00:00]} Rg8 {[%emt 0:00:00]} 23. Bc5 {[%emt 0:00:00]} Qc7 {[%emt 0:00:00]} 24. Qh5 {[%emt 0:00:00]} f4 {[%emt 0:00:34]} 25. Nxd5 {[%emt 0:00:00]} Bxd5 {[%emt 0:00:29]} 26. Bxe4 {[%emt 0:00:00]} Bxe4 {[%emt 0:00:23]} 27. Rxe4 {[%emt 0:00:00]} Rf6 {[%emt 0:00:53]} 28. d5 {[%emt 0:00:00]} Rh6 {[%emt 0:01:11]} 29. Qe2 {[%emt 0:00:00]} Ne5 {[%emt 0:00:30]} 30. Bxe7 {[%emt 0:00:00]} Qxe7 {[%emt 0:00:00]} 31. Nf5 {[%emt 0:00:00]} f3 {[%emt 0:00:12]} 32. Qe1 {[%emt 0:01:25]} Qf6 {[%emt 0:01:18]} 33. Nxh6 {[%emt 0:00:08]} Qxh6 {[%emt 0:00:30]} 34. h4 {[%emt 0:03:04]} Qd6 {[%emt 0:00:00]} 35. Qe3 {[%emt 0:00:37]} Rf8 {[%emt 0:00:23]} 36. Qg5 {[%emt 0:01:26]} Bf6 {[%emt 0:00:33]} 37. Qh5 {[%emt 0:00:17]} Bg7 {[%emt 0:00:28]} 38. Qg5 {[%emt 0:00:24]} Bf6 {[%emt 0:00:26]} 39. Qh5 {[%emt 0:00:05]} 1/2-1/2

[Event "Magistral Osasco 60 Anos 2022"]
[Site "Sao Paolo"]
[Date "2022.02.19"]
[Round "1.2"]
[White "Di Berardino, Diego Rafael"]
[Black "Cubas, Jose Fernando"]
[Result "1-0"]
[WhiteElo "2483"]
[BlackElo "2469"]
[Annotator "ChessBase"]
[PlyCount "41"]
[EventDate "2022.02.19"]
[EventType "tourn"]
[EventCountry "BRA"]
[SourceTitle "playchess.com"]
[Source "ChessBase"]
[SourceQuality "1"]
[TimeControl "40/5400+30:1800+30"]

1. d4 {[%emt 0:00:09]} d5 {[%emt 0:00:36]} 2. c4 {[%emt 0:00:09]} c6 {[%emt 0:00:11]} 3. Nf3 {[%emt 0:00:36]} Nf6 {[%emt 0:00:08]} 4. Nc3 {[%emt 0:00:39]} dxc4 {[%emt 0:02:19]} 5. a4 {[%emt 0:00:11]} Bf5 {[%emt 0:00:17]} 6. Ne5 {[%emt 0:01:01]} Nbd7 {[%emt 0:00:36]} 7. Nxc4 {[%emt 0:00:14]} Nb6 {[%emt 0:00:28]} 8. Ne5 {[%emt 0:00:55]} Nfd7 {[%emt 0:00:07]} 9. e4 {[%emt 0:02:18]} Nxe5 {[%emt 0:12:10]} 10. exf5 {[%emt 0:00:14]} Ned7 {[%emt 0:00:01]} 11. a5 {[%emt 0:00:27]} Nc8 {[%emt 0:00:09]} 12. a6 {[%emt 0:06:49]} bxa6 {[%emt 0:00:25]} 13. Bxa6 {[%emt 0:00:54]} Nd6 {[%emt 0:01:04]} 14. Qf3 {[%emt 0:21:10]} Qb6 {[%emt 0:03:58]} 15. O-O {[%emt 0:04:21]} g6 {[%emt 0:05:33]} 16. Bf4 {[%emt 0:05:53]} Nxf5 {[%emt 0:05:03]} 17. Nb5 {[%emt 0:08:31]} e5 {[%emt 0:05:01]} 18. Rfc1 {[%emt 0:10:41]} Nxd4 {[%emt 0:05:41]} 19. Nxd4 {[%emt 0:03:30]} Qxd4 {[%emt 0:07:39]} 20. Qxc6 {[%emt 0:01:44]} Rd8 {[%emt 0:00:05]} 21. Bxe5 {[%emt 0:03:23]} 1-0

[Event "Magistral Osasco 60 Anos 2022"]
[Site "Sao Paolo"]
[Date "2022.02.19"]
[Round "1.3"]
[White "El Debs, Felipe de Cresce"]
[Black "Supi, Luis Paulo"]
[Result "*"]
[WhiteElo "2553"]
[BlackElo "2581"]
[Annotator "TA"]
[PlyCount "35"]
[EventDate "2022.02.19"]
[EventType "tourn"]
[EventCountry "BRA"]
[SourceTitle "playchess.com"]
[Source "ChessBase"]
[SourceQuality "1"]

{[%evp 14,23,17,0,23,23,27,23,14,5,1,0]} 1. e4 c5 2. Nf3 d6 3. d4 cxd4 4. Qxd4 Nc6 5. Bb5 Bd7 6. Bxc6 Bxc6 7. c4 f5 8. exf5 {Black must now prevent Nh4.} Qa5+ {B53: Sicilian: 2...d6: Lines with Qxd4.} (8... Bxf3 $5 9. gxf3 Qa5+ 10. Nc3 Qxf5 $11) 9. Nbd2 Qxf5 10. Qe3 e5 11. O-O Be7 $1 12. c5 {[#] An uneventful encounter.  Weighted Error Value: White=0.04 (flawless) /Black=0.04 (flawless)} {Predecessor:} O-O-O $146 13. cxd6 Bxd6 14. Nc4 Bxf3 15. Qxf3 Qxf3 16. gxf3 Bc7 17. Be3 Kb8 18. Rfd1 {½-½ (18) Ni,H (2701)-Bluvshtein,M (2558) Edmonton 2009} *

[Event "Magistral Osasco 60 Anos 2022"]
[Site "Sao Paolo"]
[Date "2022.02.19"]
[Round "1.3"]
[White "Pereira, Silvio Cunha"]
[Black "Quintiliano Pinto, Renato R."]
[Result "1/2-1/2"]
[WhiteElo "2217"]
[BlackElo "2468"]
[Annotator "ChessBase"]
[PlyCount "83"]
[EventDate "2022.02.19"]
[EventType "tourn"]
[EventCountry "BRA"]
[SourceTitle "playchess.com"]
[Source "ChessBase"]
[SourceQuality "1"]
[TimeControl "40/5400+30:1800+30"]

1. e4 {[%emt 0:00:11]} c5 {[%emt 0:00:14]} 2. Nf3 {[%emt 0:00:07]} d6 {[%emt 0:00:09]} 3. d4 {[%emt 0:00:06]} cxd4 {[%emt 0:00:05]} 4. Qxd4 {[%emt 0:00:06]} Nc6 {[%emt 0:00:13]} 5. Bb5 {[%emt 0:03:19]} Bd7 {[%emt 0:00:26]} 6. Bxc6 {[%emt 0:00:15]} Bxc6 {[%emt 0:00:04]} 7. c4 {[%emt 0:00:07]} f5 {[%emt 0:01:01]} 8. exf5 {[%emt 0:01:45]} Qa5+ {[%emt 0:00:09]} 9. Nbd2 {[%emt 0:00:10]} Qxf5 {[%emt 0:00:09]} 10. Qe3 {[%emt 0:01:01]} e5 {[%emt 0:06:22]} 11. O-O {[%emt 0:03:37]} Be7 {[%emt 0:00:45]} 12. c5 {[%emt 0:04:00]} O-O-O {[%emt 0:05:06]} 13. cxd6 {[%emt 0:02:24]} Bxd6 {[%emt 0:00:10]} 14. Nc4 {[%emt 0:01:06]} Bxf3 {[%emt 0:03:23]} 15. Qxf3 {[%emt 0:06:13]} Qxf3 {[%emt 0:04:52]} 16. gxf3 {[%emt 0:04:58]} Bc7 {[%emt 0:18:40]} 17. Bg5 {[%emt 0:00:41]} Nf6 {[%emt 0:01:52]} 18. Rac1 {[%emt 0:00:28]} Kb8 {[%emt 0:03:36]} 19. Rfd1 {[%emt 0:03:21]} Rhe8 {[%emt 0:16:48]} 20. h3 {[%emt 0:09:15]} Rxd1+ {[%emt 0:10:01]} 21. Rxd1 {[%emt 0:00:30]} Nh5 22. Nd2 {[%emt 0:00:30]} h6 {[%emt 0:01:00]} 23. Be3 {[%emt 0:00:30]} Rd8 {[%emt 0:00:30]} 24. Kg2 {[%emt 0:00:30]} Rd6 {[%emt 0:00:30]} 25. Rc1 {[%emt 0:00:30]} Nf6 {[%emt 0:00:30]} 26. Kf1 {[%emt 0:00:30]} Nd5 {[%emt 0:00:30]} 27. Ke2 {[%emt 0:00:30]} b6 {[%emt 0:00:30]} 28. Ne4 {[%emt 0:00:30]} Rd7 {[%emt 0:00:30]} 29. a3 {[%emt 0:00:30]} Kc8 {[%emt 0:00:30]} 30. Nc3 {[%emt 0:00:30]} Nxc3+ {[%emt 0:00:30]} 31. Rxc3 {[%emt 0:00:30]} Rf7 {[%emt 0:00:30]} 32. Rc6 {[%emt 0:00:30]} Kd7 {[%emt 0:00:30]} 33. Rg6 {[%emt 0:00:30]} Bd8 {[%emt 0:00:30]} 34. Kd3 {[%emt 0:00:30]} Bf6 {[%emt 0:00:30]} 35. Ke4 {[%emt 0:00:30]} Ke6 {[%emt 0:00:30]} 36. Rg1 {[%emt 0:00:30]} Rc7 {[%emt 0:00:30]} 37. Rc1 {[%emt 0:00:30]} Rxc1 {[%emt 0:00:30]} 38. Bxc1 {[%emt 0:00:30]} b5 {[%emt 0:00:30]} 39. b3 {[%emt 0:00:30]} Bh4 {[%emt 0:00:30]} 40. Be3 {[%emt 0:00:30]} a6 {[%emt 0:00:30]} 41. Bc5 {[%emt 0:30:30]} g6 {[%emt 0:30:30]} 42. a4 {[%emt 0:00:30]} 1/2-1/2

[Event "Magistral Osasco 60 Anos 2022"]
[Site "Sao Paolo"]
[Date "2022.02.19"]
[Round "1.4"]
[White "Alboredo, Julia"]
[Black "Languidey, Simon Alejandro"]
[Result "0-1"]
[WhiteElo "2216"]
[BlackElo "2403"]
[Annotator "TA"]
[PlyCount "118"]
[EventDate "2022.02.19"]
[EventType "tourn"]
[EventCountry "BRA"]
[SourceTitle "playchess.com"]
[Source "ChessBase"]
[SourceQuality "1"]

{[%evp 11,118,18,23,14,17,4,8,0,10,0,31,15,25,24,29,33,28,17,22,0,0,0,15,14,12,0,20,16,20,10,21,12,29,0,0,0,0,0,0,0,0,0,19,20,25,24,20,0,0,0,0,-43,-46,-68,0,0,0,0,0,0,0,-8,-8,-8,-8,-8,-8,-8,-8,-8,-8,-25,-19,-19,-18,-25,-25,-39,-26,-29,-12,-44,-25,-33,-14,-14,-14,-14,-14,-25,-14,-14,-14,-14,-14,-63,-63,-63,-63,-74,-63,-88,-62,-63,-8,-762,-738,-703,-692]} 1. e4 e5 2. Nf3 Nc6 3. Bc4 Bc5 4. c3 Nf6 5. d3 d6 6. O-O h6 7. a4 {C54: Giuoco Piano: 4 c3 Nf6, main lines with 5 d4 and 5 d3.} a5 $1 {Prevents b4. The main line 7...a5 scores better than 7...a6.} 8. Nbd2 O-O 9. Bb3 {The position is equal.} Ba7 10. h3 Ne7 11. Re1 Ng6 {[%cal Oc8h3]} 12. Nf1 {[#]} Nh5 $146 ({Predecessor:} 12... c6 13. d4 exd4 14. Nxd4 Re8 15. Ng3 d5 16. exd5 Rxe1+ 17. Qxe1 Bxd4 18. cxd4 Nxd5 {½-½ (42) Movsesian,S (2633)-Krysa,L (2529) Teplice 2018}) 13. d4 {[%cal Of3e5]} Qf6 14. Ne3 Nhf4 15. Nd5 Nxd5 16. Bxd5 Nf4 17. Bxf4 Qxf4 18. Re3 Kh7 19. Qd2 c6 20. Bb3 Qf6 21. Rd1 Be6 22. Bc2 Kg8 23. Nh2 Rab8 24. Rf3 Qg5 25. Qd3 g6 26. Rg3 Qf4 27. Ng4 Bxg4 28. Rxg4 Qf6 29. Bb3 Kg7 30. Rd2 Rbe8 31. Rg3 (31. d5 $11) 31... d5 $1 $15 {...exd4 is the strong threat.} 32. exd5 exd4 (32... e4 $1 $15 33. Qc2 Bb8) 33. Rf3 $11 ({Wrong is} 33. cxd4 $2 Re1+ 34. Kh2 Bb8 $19) 33... Re1+ 34. Kh2 Qe5+ 35. g3 {[%cal Rc3d4]} c5 36. cxd4 cxd4 37. Rd1 $132 {[%mdl 2048] White is not holding back} Rxd1 38. Qxd1 h5 39. h4 Bc5 40. Rf4 Re8 41. Qd3 (41. d6 f5 $15) 41... Re7 42. Qc4 Qd6 43. Qd3 f5 44. Qd2 b6 45. Kg2 Qe5 46. Qd3 Qe2 (46... Qf6 {seems wilder.} 47. Bc4 Re1 48. Qd2 Rb1 49. Qe2 Bb4) 47. Qc4 Qxc4 (47... Kh6 {keeps more tension.} 48. d6 Qxc4 49. Bxc4 Rd7 50. Rf3 Rxd6 51. Rd3 Bb4) 48. Bxc4 $15 {[%mdl 4096] Endgame KRB-KRB} Kf6 49. Rf3 Re1 50. Rd3 $1 Re2 51. b3 ({But not} 51. d6 Rxb2 52. d7 Ke7 $17) 51... Rc2 52. Kf1 Ke5 53. f3 (53. Rd1 $11 {should be considered.}) 53... Bb4 54. Rd1 Bc3 55. Kg1 Bd2 {[#] aiming for ...Be3+.} 56. Kg2 Be3+ 57. Kh3 f4 {Black is more active.} ({Better is} 57... Bf2 $15) 58. d6 $2 {[%mdl 8192]} (58. g4 $11) 58... fxg3 $19 {( -> ...Rh2+)} 59. f4+ Bxf4 {Weighted Error Value: White=0.22 (precise) /Black=0.08 (flawless)} 0-1

[Event "Magistral Osasco 60 Anos 2022"]
[Site "Sao Paolo"]
[Date "2022.02.19"]
[Round "1.5"]
[White "El Debs, Felipe de Cresce"]
[Black "Supi, Luis Paulo"]
[Result "1/2-1/2"]
[WhiteElo "2553"]
[BlackElo "2581"]
[Annotator "TA"]
[PlyCount "86"]
[EventDate "2022.02.19"]
[EventType "tourn"]
[EventCountry "BRA"]
[SourceTitle "playchess.com"]
[Source "ChessBase"]
[SourceQuality "1"]

{[%evp 11,86,30,35,37,43,43,53,30,45,39,97,0,34,30,23,34,27,31,22,8,10,15,46,31,56,23,58,50,49,0,0,-5,-20,-33,-33,-26,-28,-21,97,99,104,126,114,112,165,158,160,163,152,120,121,131,141,136,142,144,231,151,156,150,160,77,67,12,72,85,83,73,71,0,229,0,0,0,0,0,0]} 1. d4 Nf6 2. c4 g6 3. Nc3 Bg7 4. e4 d6 5. Nf3 O-O 6. Bd3 Bg4 7. Be2 $1 {[%mdl 4] is recently more successful than 7.h3. E90: King's Indian: Classical: Early deviations and 6 h3.} Nc6 8. d5 Bxf3 9. Bxf3 {[#] White is slightly better.} Na5 $146 ({Predecessor:} 9... Ne5 10. Be2 e6 11. O-O Re8 12. Bg5 c5 13. dxe6 Rxe6 14. f4 Nc6 15. f5 Re5 {1-0 (30) Horka,S (1469)-Phillips,D (1251) IECC email 2014}) 10. Be2 {[%cal Oe4e5]} Nd7 (10... c6 $14) 11. Be3 (11. Bd2 $1 $16) 11... Nb6 (11... Bxc3+ $5 12. bxc3 e5 $11) 12. Bd4 $1 Bxd4 (12... Nbxc4 $2 13. Bxg7 Kxg7 14. b4 $18) (12... Naxc4 $2 13. Bxg7 Kxg7 14. Bxc4 $16) 13. Qxd4 {Strongly threatening c5.} c5 14. dxc6 e5 15. Qd2 {[%cal Oc6c7] Threatens to win with c7!} bxc6 16. b3 Qe7 17. O-O Rfd8 18. Rfd1 Qf8 19. Qg5 c5 20. Nd5 (20. f4 $14) 20... Nc6 $11 21. Nf6+ {[%cal Bd5f6,Bf6g4,Bg4f6][%mdl 32]} Kg7 22. Ng4 {Prevents h6.} Qe7 23. Qh6+ Kh8 24. Rd3 {Black must now prevent Rh3.} f5 (24... Rg8 $11) 25. exf5 $16 gxf5 26. Nf6 $40 {[%mdl 128] White wants a kill.} Qg7 27. Qh4 {White is much more active. Black has bad knights.} Nd4 {[#]} (27... Nd7 $16 28. Rxd6 Nd4 29. Nxh7 Kg8) 28. Rh3 $1 $18 {[%cal Rh4h7]} h6 (28... Nxe2+ 29. Kf1 h6 30. Kxe2 $16) 29. Bf3 {Rg3 is the strong threat. Chess con chili.} (29. Qxh6+ $2 Qxh6 30. Rxh6+ Kg7 31. Rh7+ Kxf6 $19) 29... Rf8 30. Bxa8 ({Not} 30. Qxh6+ Qxh6 31. Rxh6+ Kg7 32. Rh7+ (32. Bxa8 $2 Kxh6 33. Ne4 Rxa8 $19) 32... Kxf6 $17) 30... Rxf6 31. Bf3 e4 {[#]} 32. Rg3 Qf8 33. Bh5 d5 (33... Nd7 $16 34. Rb1 a5) 34. Qf4 {aiming for Qc7.} Ne6 {Prevents Qc7.} 35. Qe5 Ng7 {[#]} 36. Rxg7 Qxg7 $16 37. cxd5 (37. Re1 $14) 37... Rd6 38. Qe8+ Kh7 39. Rd1 {And now Bf7 would win.} Rxd5 40. Qe6 ({Better is} 40. Qb8 $16) 40... Rxd1+ $11 41. Bxd1 Qd7 {The position is equal.} 42. Qxd7+ Nxd7 43. f3 exf3 {Blacks defense is rewarded with a draw.  Weighted Error Value: White=0.17 (very precise) /Black=0.16 (very precise)} 1/2-1/2

[Event "Magistral Osasco 60 Anos 2022"]
[Site "Sao Paolo"]
[Date "2022.02.19"]
[Round "1.5"]
[White "Pereira, Silvio Cunha"]
[Black "Quintiliano Pinto, Renato R."]
[Result "*"]
[WhiteElo "2217"]
[BlackElo "2468"]
[Annotator "ChessBase"]
[PlyCount "25"]
[EventDate "2022.02.19"]
[EventType "tourn"]
[EventCountry "BRA"]
[SourceTitle "playchess.com"]
[Source "ChessBase"]
[SourceQuality "1"]
[TimeControl "40/5400+30:1800+30"]

1. d4 {[%emt 0:00:08]} Nf6 {[%emt 0:00:05]} 2. c4 {[%emt 0:00:12]} g6 {[%emt 0:00:07]} 3. Nc3 {[%emt 0:00:10]} Bg7 {[%emt 0:00:01]} 4. e4 {[%emt 0:00:12]} d6 {[%emt 0:00:01]} 5. Nf3 {[%emt 0:00:13]} O-O {[%emt 0:00:03]} 6. Bd3 {[%emt 0:00:08]} Bg4 {[%emt 0:02:17]} 7. Be2 {[%emt 0:00:14]} Nc6 {[%emt 0:05:14]} 8. d5 {[%emt 0:00:37]} Bxf3 {[%emt 0:00:19]} 9. Bxf3 {[%emt 0:00:10]} Na5 {[%emt 0:01:32]} 10. Be2 {[%emt 0:00:30]} Nd7 {[%emt 0:01:32]} 11. Be3 {[%emt 0:01:33]} Nb6 {[%emt 0:02:09]} 12. Bd4 {[%emt 0:02:03]} Bxd4 {[%emt 0:02:17]} 13. Qxd4 {[%emt 0:00:21]} *

[Event "Magistral Osasco 60 Anos 2022"]
[Site "Sao Paolo"]
[Date "2022.02.21"]
[Round "3.1"]
[White "Di Berardino, Diego Rafael"]
[Black "Stamenkovic, Dragan"]
[Result "1/2-1/2"]
[WhiteElo "2483"]
[BlackElo "2378"]
[Annotator "TA"]
[PlyCount "81"]
[EventDate "2022.02.19"]
[EventType "tourn"]
[EventCountry "BRA"]
[SourceTitle "playchess.com"]
[Source "ChessBase"]
[SourceQuality "1"]

{[%evp 24,81,39,26,35,21,25,6,27,20,29,26,30,33,26,0,0,7,5,5,5,0,0,0,0,0,25,0,0,0,0,-23,-12,-33,-5,0,0,0,0,0,0,0,0,0,22,0,0,0,0,0,0,0,0,0,0,0,0,0,0,0]} 1. d4 d5 2. c4 c6 3. Nf3 Nf6 4. Nc3 e6 5. Bg5 Nbd7 6. e3 Be7 7. Bd3 O-O 8. O-O h6 9. Bh4 dxc4 10. Bxc4 b5 11. Bd3 Bb7 12. Rc1 a6 13. Bxf6 Nxf6 {D66: Queen's Gambit Declined: Classical: Main Line (7 Rc1 c6 8 Bd3).} 14. Ne4 {Inhibits c5.} Nd7 15. Bb1 f5 (15... Rc8 $5 {[%cal Rc6c5]}) 16. Nc5 Nxc5 17. dxc5 Qxd1 $1 18. Rfxd1 {[#] aiming for Rd7.} Rfd8 {[%cal Oe7c5] Prevents Rd7.} 19. Nd4 Kf7 20. a3 {[#]} Bf6 $146 ({Predecessor:} 20... Kf6 21. f4 a5 22. Ba2 e5 23. fxe5+ Kxe5 24. h4 g6 25. h5 gxh5 26. Rf1 Rf8 {1-0 (34) Korinek,J (1643)-Sirotkin,E (1354) LSS email 2014}) 21. Ba2 {[%csl LRe6,LRf5]} Bxd4 22. exd4 Bc8 23. f4 Ra7 24. Kf2 a5 25. Rc3 Rad7 26. Ke3 Kf6 27. Rd2 g5 {[#] Strongly threatening ...gxf4+.} 28. Rcd3 gxf4+ 29. Kxf4 {The position is equal.} Rxd4+ 30. Rxd4 e5+ 31. Ke3 Rxd4 32. Rxd4 exd4+ 33. Kxd4 $11 {[%mdl 4096] Endgame KB-KB} Bd7 34. Bb3 Be6 35. Bd1 Bd5 36. g3 Ke6 37. Be2 Bg2 38. h4 Bd5 39. b4 axb4 40. axb4 Bg2 41. Bd1 {An interesting draw.  Weighted Error Value: White=0.08 (flawless) /Black=0.04 (flawless)} 1/2-1/2

[Event "Magistral Osasco 60 Anos 2022"]
[Site "Sao Paolo"]
[Date "2022.02.21"]
[Round "3.2"]
[White "El Debs, Felipe de Cresce"]
[Black "Rodi, Luis Ernesto"]
[Result "1/2-1/2"]
[WhiteElo "2553"]
[BlackElo "2347"]
[Annotator "TA"]
[PlyCount "101"]
[EventDate "2022.02.19"]
[EventType "tourn"]
[EventCountry "BRA"]
[SourceTitle "playchess.com"]
[Source "ChessBase"]
[SourceQuality "1"]

{[%evp 23,101,12,33,18,10,16,54,47,50,21,23,13,18,16,16,8,6,6,6,6,9,12,26,14,17,11,20,0,0,0,11,10,81,34,31,33,29,29,33,31,98,51,37,0,106,91,113,118,118,128,129,109,118,127,108,93,171,170,185,0,0,0,0,0,0,0,0,0,0,0,0,0,0,0,0,0,0,0,0,0]} 1. d4 d5 2. c4 e6 3. Nf3 Nf6 4. g3 dxc4 5. Bg2 c5 6. O-O Nc6 7. dxc5 Qxd1 8. Rxd1 Bxc5 9. Nbd2 c3 10. bxc3 O-O 11. Nb3 Be7 12. Nfd4 Bd7 {12...Nxd4 is the modern continuation.} 13. a4 {E04: Open Catalan: 5 Nf3.} Rfd8 14. Nb5 {[#]} Ne8 $146 ({Predecessor:} 14... Rac8 15. Be3 Nd5 16. Bxd5 exd5 17. Rxd5 Be6 18. Rxd8+ Rxd8 19. N3d4 Nxd4 20. Nxd4 Bc4 {1-0 (68) Nihal,S (2620)-Petrosyan,M (2625) Veliko Gradiste 2021}) 15. Be3 {White is slightly better.} a6 16. N5d4 Nf6 17. Nxc6 $1 Bxc6 18. Bxc6 bxc6 19. c4 Kf8 20. Na5 Rxd1+ 21. Rxd1 Ne4 22. Nxc6 Rc8 23. Nxe7 Kxe7 $11 {[%mdl 4096] Endgame KRB-KRN} 24. Rc1 Nc5 25. Ra1 Nd7 26. Rc1 Nc5 27. Kg2 Kd6 (27... Nxa4 $11 28. c5 a5) 28. Rd1+ (28. Rb1 $16) 28... Ke7 $14 29. Ra1 Nd7 30. Rc1 Nc5 31. Kf3 Kd6 (31... Nxa4 $14 32. c5 a5) 32. Rd1+ ({White should play} 32. Rb1 $16) 32... Ke7 33. Rc1 (33. Rb1 $14) 33... Kd6 $16 34. Bxc5+ (34. Rb1 {looks sharper.} Nxa4 35. Rb7 e5 36. Rxf7 Rc7 37. Rf8) 34... Kxc5 {KR-KR} 35. Rb1 {Prevents Rb8.} Rc7 36. Ke3 Rd7 37. a5 Kxc4 38. Rb6 Ra7 39. Ke4 Kc5 (39... Kc3 $16 {was called for.}) 40. g4 $18 f5+ 41. Ke5 $2 {[#]} ({Only move:} 41. gxf5 $18 exf5+ 42. Kf4 (42. Kxf5 Rf7+ 43. Ke5 Rxf2 $11)) 41... fxg4 $11 {The position is equal.} 42. Kxe6 Ra8 43. Kf7 Ra7+ $1 44. Ke6 {[#] e4 is the strong threat.} Ra8 45. Rb2 Rf8 46. e4 {aiming for e5.} Kd4 47. Rb4+ Kc5 48. Rb7 Rxf2 49. Rxg7 h5 50. Rg5+ Kd4 51. Rxh5 {Weighted Error Value: White=0.15 (very precise) /Black=0.09 (flawless)} 1/2-1/2